[Event "EU-ch U12 Girls 27th"]
[Site "Mamaia"]
[Date "2017.09.08"]
[Round "4"]
[White "Gasparyan, Milena"]
[Black "Cherepanova, Evita"]
[Result "1-0"]
[WhiteElo "1369"]
[BlackElo "1629"]
[PlyCount "173"]
[EventDate "2017.09.05"]
[EventType "swiss"]
[EventRounds "9"]
[EventCountry "ROU"]
[SourceTitle "CBM 180 Extra"]
[Source "ChessBase"]
[SourceDate "2017.10.06"]
[SourceVersion "1"]
[SourceVersionDate "2017.10.06"]
[SourceQuality "1"]

1. d4 d5 2. c4 e6 3. Nc3 Bb4 4. cxd5 exd5 5. Nf3 c5 6. e3 Nc6 7. Be2 Nf6 8. 0-0 Bf5 9. dxc5 Bxc3 10. bxc3 Ne4 11. Bb2 0-0 12. Nd4 Bg6 13. Nb3 f5 14. Bf3 Ne5 15. Be2 Bf7 16. Nd4 Qf6 17. Nf3 Ng4 18. h3 Ngxf2 19. Rxf2 Nxf2 20. Kxf2 Rae8 21. Qd2 Qh6 22. Bb5 Re7 23. Ba3 Rc7 24. c6 Rd8 25. Bb4 Be8 26. Nd4 Rf7 27. cxb7 Bxb5 28. Nxb5 f4 29. Kg1 fxe3 30. Qd3 Qg5 31. Rf1 Rxb7 32. Re1 Qf6 33. Rf1 Qb6 34. Nd4 Re8 35. Qf5 h6 36. Qxd5+ Kh8 37. Kh1 e2 38. Re1 Qf6 39. Nf3 Rbb8 40. Qd2 Rbd8 41. Qc2 Qe6 42. Nd4 Qc4 43. Rxe2 Rxe2 44. Nxe2 Qh4 45. Kh2 Qg5 46. Qe4 Qb5 47. Ng3 Qb8 48. Bc5 a5 49. Bd4 Qc7 50. Qg6 Kg8 51. Qe6+ Qf7 52. Qxf7+ Kxf7 53. Nf5 Kg6 54. Nxg7 Rb8 55. Ne6 Rb2 56. a4 Kf5 57. Nc5 h5 58. Kg3 Kg5 59. Ne4+ Kf5 60. Nd6+ Kg5 61. Nc4 Ra2 62. Nxa5 Rxa4 63. Nc6 Ra3 64. Ne5 Ra2 65. c4 Kf5 66. Nf3 Ra4 67. c5 Rc4 68. Kh4 Rc2 69. Kxh5 Ke4 70. Ne1 Rc1 71. Bf2 Rc3 72. Kh4 Rb3 73. Nf3 Rb2 74. Kg3 Rb8 75. h4 Rg8+ 76. Kh3 Rf8 77. Bg3 Rg8 78. c6 Kd5 79. c7 Kc6 80. Nd4+ Kb6 81. Ne6 Kb7 82. Nd8+ Kc8 83. Nc6 Rh8 84. Ne7+ Kd7 85. c8Q+ Rxc8 86. Nxc8 Kxc8 87. h5 1-0

[Event "EU School-ch U11 Girls"]
[Site "Budva"]
[Date "2017.06.18"]
[Round "8"]
[White "Cherepanova, Evita"]
[Black "Tochilkina, Ekaterina"]
[Result "1-0"]
[WhiteElo "1583"]
[BlackElo "1607"]
[PlyCount "113"]
[EventDate "2017.06.11"]
[EventType "swiss"]
[EventRounds "9"]
[EventCountry "MNE"]
[SourceTitle "EXT 2024"]
[Source "ChessBase"]
[SourceDate "2023.10.10"]
[SourceVersion "1"]
[SourceVersionDate "2023.10.10"]
[SourceQuality "1"]

1. d4 d5 2. Nf3 Nf6 3. Bf4 Bf5 4. e3 e6 5. Bd3 Bxd3 6. Qxd3 c6 7. 0-0 Be7 8. Nbd2 Nbd7 9. c4 Nh5 10. Be5 Nxe5 11. Nxe5 0-0 12. Rac1 Bd6 13. Ndf3 Nf6 14. Rfd1 Qe7 15. c5 Bc7 16. b4 Nd7 17. Nxd7 Qxd7 18. a4 a6 19. Rb1 h6 20. h3 Rfb8 21. Ne5 Bxe5 22. dxe5 Qc7 23. Qd4 b5 24. a5 Kf8 25. f4 Ke7 26. e4 Rd8 27. f5 dxe4 28. Qxe4 exf5 29. Qxf5 Rd5 30. Rxd5 cxd5 31. Rf1 Rf8 32. e6 Qc6 33. exf7 Qe6 34. Qb1 Kd7 35. Qd1 Rxf7 36. Re1 Qf5 37. Qd4 Kc6 38. Qe3 Kb7 39. c6+ Kxc6 40. Qb6+ Kd7 41. Qb7+ Kd8 42. Qb8+ Kd7 43. Qe8+ Kd6 44. Qd8+ Kc6 45. Rc1+ Kb7 46. Qb6+ Ka8 47. Qxa6+ Kb8 48. Qxb5+ Ka8 49. Qc6+ Ka7 50. Qc5+ Kb8 51. b5 d4 52. Qd6+ Ka8 53. Qd8+ Kb7 54. a6+ Ka7 55. Rc7+ Rxc7 56. Qxc7+ Ka8 57. Qb7# 1-0